00770nam a2200241Ia 450000100060000000300090000600800410001504000130005604000130006904100130008210000290009510000290012424500670015324500250022025000110024526000110025626000180026726000490028530000570033450000880039165000180047965000310049748422IT-RoPAU130308s9999 xx 000 0 und d aIT-RoPAU cIT-RoPAU aITALIANO aKittsteiner Heinz-Dieter gCodice Aut. SPICS: 18681 aSul rapporto tra il tempo della vita e il tempo della storia bDimensioni del Tempo a1a ed. aMILANO bAngeli Franco c1987 [1° Ed.:1987 - Ed.Ling.Originale:1987] a"11 p. (prefazione: no ; testo: 11 [pagine: 79-89])" aVita Devasta la Storia e la Storia Devasta la Vita Adattamento Alleggerimento Paura aEPISTEMOLOGIA eCodice materia Spics: 3051